[Event "Blitz Open"]
[Site "?"]
[Date "2018.08.03"]
[Round "4.10"]
[White "Kazhgaleyev, Murtas"]
[Black "Mousavi, Seyed Khalil"]
[Result "1-0"]
[BlackElo "2517"]
[WhiteElo "2583"]
[LiveChessVersion "1.4.8"]

1. d4 {[%clk 0:03:02]} d5 {[%clk 0:03:04]} 2. c4 {[%clk 0:03:03]} e6
{[%clk 0:03:05]} 3. Nc3 {[%clk 0:03:04]} a6 {[%clk 0:03:06]} 4. cxd5
{[%clk 0:03:04]} exd5 {[%clk 0:03:07]} 5. Nf3 {[%clk 0:03:05]} Nf6
{[%clk 0:03:08]} 6. Bg5 {[%clk 0:03:05]} Be6 {[%clk 0:03:08]} 7. e3
{[%clk 0:03:06]} Nbd7 {[%clk 0:03:09]} 8. Bd3 {[%clk 0:03:07]} h6
{[%clk 0:03:10]} 9. Bh4 {[%clk 0:03:01]} g5 {[%clk 0:03:11]} 10. Bg3
{[%clk 0:03:02]} Nh5 {[%clk 0:03:12]} 11. Qc2 {[%clk 0:02:57]} c6
{[%clk 0:03:07]} 12. O-O-O {[%clk 0:02:53]} Nxg3 {[%clk 0:03:02]} 13. hxg3
{[%clk 0:02:54]} Bg7 {[%clk 0:03:03]} 14. e4 {[%clk 0:02:38]} b5 {[%clk 0:03:00]}
15. Kb1 {[%clk 0:02:31]} O-O {[%clk 0:02:49]} 16. e5 {[%clk 0:02:08]} Nb6
{[%clk 0:02:33]} 17. Bh7+ {[%clk 0:02:07]} Kh8 {[%clk 0:02:34]} 18. Bf5
{[%clk 0:02:06]} Kg8 {[%clk 0:02:19]} 19. Bxe6 {[%clk 0:01:50]} fxe6
{[%clk 0:02:21]} 20. Qg6 {[%clk 0:01:50]} Qe8 {[%clk 0:01:49]} 21. Rxh6
{[%clk 0:01:49]} Qxg6+ {[%clk 0:01:44]} 22. Rxg6 {[%clk 0:01:50]} Kf7
{[%clk 0:01:35]} 23. Rxg5 {[%clk 0:01:51]} Bh6 {[%clk 0:01:18]} 24. Rh5
{[%clk 0:01:47]} Rh8 {[%clk 0:01:11]} 25. Rdh1 {[%clk 0:01:44]} Kg7
{[%clk 0:01:12]} 26. g4 {[%clk 0:01:35]} Kg6 {[%clk 0:01:11]} 27. Ne2
{[%clk 0:01:23]} Raf8 {[%clk 0:01:12]} 28. g5 {[%clk 0:01:04]} Bg7
{[%clk 0:01:12]} 29. Rxh8 {[%clk 0:01:05]} Rxh8 {[%clk 0:00:50]} 30. Rxh8
{[%clk 0:01:06]} Bxh8 {[%clk 0:00:52]} 31. g4 {[%clk 0:01:02]} Nd7
{[%clk 0:00:47]} 32. Nf4+ {[%clk 0:01:01]} Kf7 {[%clk 0:00:49]} 33. g6+
{[%clk 0:00:58]} Ke7 {[%clk 0:00:43]} 34. Nh5 {[%clk 0:00:56]} Kf8
{[%clk 0:00:39]} 35. Ng5 {[%clk 0:00:55]} Kg8 {[%clk 0:00:39]} 36. Nxe6
{[%clk 0:00:52]} c5 {[%clk 0:00:40]} 37. Nxc5 {[%clk 0:00:43]} Nxc5
{[%clk 0:00:40]} 38. dxc5 {[%clk 0:00:44]} Bxe5 {[%clk 0:00:41]} 39. f4
{[%clk 0:00:44]} Bc7 {[%clk 0:00:35]} 40. Nf6+ {[%clk 0:00:43]} Kg7
{[%clk 0:00:36]} 41. Ne8+ {[%clk 0:00:42]} 1-0

[Event "Blitz Open"]
[Site "?"]
[Date "2018.08.03"]
[Round "4.11"]
[White "Pourramezanali, Amirreza"]
[Black "Ismagambetov, Anuar"]
[Result "1-0"]
[BlackElo "2505"]
[WhiteElo "2449"]
[LiveChessVersion "1.4.8"]

1. d4 {[%clk 0:03:02]} Nf6 {[%clk 0:03:03]} 2. Bf4 {[%clk 0:03:03]} g6
{[%clk 0:03:03]} 3. e3 {[%clk 0:03:04]} Bg7 {[%clk 0:03:04]} 4. h3
{[%clk 0:03:05]} O-O 5. Nf3 {[%clk 0:03:07]} d6 {[%clk 0:03:06]} 6. Be2
{[%clk 0:03:08]} Nfd7 {[%clk 0:03:08]} 7. O-O {[%clk 0:03:07]} Nc6
{[%clk 0:03:09]} 8. Nc3 {[%clk 0:03:06]} e5 {[%clk 0:03:09]} 9. Bh2
{[%clk 0:03:08]} a6 {[%clk 0:03:10]} 10. dxe5 {[%clk 0:02:59]} dxe5
{[%clk 0:03:11]} 11. e4 {[%clk 0:03:01]} Re8 {[%clk 0:02:55]} 12. Bc4
{[%clk 0:03:00]} Nb6 {[%clk 0:02:52]} 13. Bb3 {[%clk 0:02:55]} Nd4
{[%clk 0:02:50]} 14. Nxd4 {[%clk 0:02:33]} exd4 {[%clk 0:02:50]} 15. Nd5
{[%clk 0:02:34]} Nxd5 {[%clk 0:02:45]} 16. exd5 {[%clk 0:02:35]} Bf5
{[%clk 0:02:40]} 17. Re1 {[%clk 0:02:34]} Qd7 {[%clk 0:02:35]} 18. Qd2
{[%clk 0:02:30]} Be4 {[%clk 0:02:25]} 19. c4 {[%clk 0:02:24]} dxc3
{[%clk 0:02:15]} 20. bxc3 {[%clk 0:02:25]} c6 {[%clk 0:01:49]} 21. d6
{[%clk 0:02:26]} Rad8 {[%clk 0:01:44]} 22. Rad1 {[%clk 0:02:27]} h5
{[%clk 0:01:35]} 23. Bg3 {[%clk 0:02:28]} Bf6 {[%clk 0:01:34]} 24. Qf4
{[%clk 0:02:26]} Bf5 {[%clk 0:01:35]} 25. Qb4 {[%clk 0:02:12]} Kg7
{[%clk 0:01:26]} 26. c4 {[%clk 0:02:12]} Be6 {[%clk 0:01:18]} 27. c5
{[%clk 0:02:10]} Bxb3 28. Qxb3 {[%clk 0:02:02]} h4 {[%clk 0:01:16]} 29. Bf4
{[%clk 0:01:54]} Qf5 {[%clk 0:01:15]} 30. Rxe8 {[%clk 0:01:43]} Rxe8
{[%clk 0:01:16]} 31. Be3 {[%clk 0:01:41]} Qd7 {[%clk 0:01:14]} 32. Rb1
{[%clk 0:01:39]} Rb8 {[%clk 0:01:11]} 33. Qc4 {[%clk 0:01:39]} Qf5
{[%clk 0:01:08]} 34. Rd1 {[%clk 0:01:39]} Qd7 {[%clk 0:01:09]} 35. Bd4
{[%clk 0:01:38]} Bxd4 36. Qxd4+ {[%clk 0:01:39]} Kg8 {[%clk 0:01:05]} 37. Qxh4
{[%clk 0:01:25]} Re8 {[%clk 0:01:06]} 38. Qf6 {[%clk 0:01:25]} Re6
{[%clk 0:01:07]} 39. Qd4 {[%clk 0:01:24]} Re2 {[%clk 0:01:08]} 40. a4
{[%clk 0:01:22]} Re6 {[%clk 0:01:00]} 41. Qb2 {[%clk 0:01:18]} Re4
{[%clk 0:01:00]} 42. Rb1 {[%clk 0:01:15]} Qf5 {[%clk 0:00:42]} 43. Qxb7
{[%clk 0:01:07]} Re2 {[%clk 0:00:43]} 44. Rf1 {[%clk 0:01:09]} Qd5
{[%clk 0:00:39]} 45. Qxa6 {[%clk 0:01:06]} Rd2 {[%clk 0:00:36]} 46. Qb6
{[%clk 0:01:03]} Rc2 {[%clk 0:00:33]} 47. a5 {[%clk 0:01:02]} Kh7
{[%clk 0:00:26]} 48. a6 {[%clk 0:01:00]} Qc4 {[%clk 0:00:27]} 49. Qb1
{[%clk 0:00:50]} Rd2 {[%clk 0:00:23]} 50. a7 {[%clk 0:00:47]} Qa6
{[%clk 0:00:22]} 51. Qa1 {[%clk 0:00:36]} Ra2 {[%clk 0:00:23]} 52. Qxa2
{[%clk 0:00:37]} Qxa2 {[%clk 0:00:25]} 53. d7 {[%clk 0:00:38]} 1-0

[Event "Blitz Open"]
[Site "?"]
[Date "2018.08.03"]
[Round "4.12"]
[White "Kostenko, Petr"]
[Black "Lorparizangeneh, Shahin"]
[Result "0-1"]
[BlackElo "2487"]
[WhiteElo "2422"]
[LiveChessVersion "1.4.8"]

1. d4 {[%clk 0:03:02]} Nf6 2. Bf4 c5 {[%clk 0:03:04]} 3. d5 {[%clk 0:02:58]} d6
{[%clk 0:03:03]} 4. Nc3 a6 5. a4 {[%clk 0:02:53]} e5 6. Bd2 g6 {[%clk 0:02:37]}
7. e4 {[%clk 0:02:52]} Bg7 {[%clk 0:02:37]} 8. Nf3 {[%clk 0:02:53]} O-O
{[%clk 0:02:34]} 9. Be2 {[%clk 0:02:40]} Nh5 {[%clk 0:02:31]} 10. g3
{[%clk 0:02:22]} f5 {[%clk 0:01:55]} 11. exf5 Bxf5 12. Ng5 {[%clk 0:02:04]} Nf6
{[%clk 0:01:48]} 13. Be3 {[%clk 0:02:00]} Qe7 {[%clk 0:01:41]} 14. Bc4
{[%clk 0:01:48]} Nbd7 {[%clk 0:01:02]} 15. h3 {[%clk 0:01:16]} Nb6 16. Ba2 a5
{[%clk 0:00:29]} 17. g4 Bd7 18. Nge4 {[%clk 0:00:43]} Nxe4 {[%clk 0:00:23]} 19.
Nxe4 {[%clk 0:00:44]} Nxa4 {[%clk 0:00:22]} 20. c3 {[%clk 0:00:28]} b5
{[%clk 0:00:14]} 21. Nxc5 {[%clk 0:00:27]} Nxc5 {[%clk 0:00:11]} 22. Bxc5 Bh6 23.
Qe2 {[%clk 0:00:25]} b4 {[%clk 0:00:09]} 24. h4 {[%clk 0:00:22]} Rac8
{[%clk 0:00:07]} 25. cxb4 axb4 26. Bxb4 {[%clk 0:00:21]} Rf4 {[%clk 0:00:08]} 27.
g5 Rxb4 28. gxh6 {[%clk 0:00:22]} Rxh4 {[%clk 0:00:09]} 29. Rxh4 {[%clk 0:00:22]}
Qxh4 {[%clk 0:00:10]} 30. Rd1 {[%clk 0:00:16]} Bg4 {[%clk 0:00:10]} 31. Qe4
{[%clk 0:00:13]} Qg5 {[%clk 0:00:09]} 32. f3 {[%clk 0:00:09]} Bf5 33. Qe2 Rc2
{[%clk 0:00:10]} 34. Rd2 {[%clk 0:00:09]} Qg1+ {[%clk 0:00:11]} 0-1

[Event "Blitz Open"]
[Site "?"]
[Date "2018.08.03"]
[Round "4.13"]
[White "Noah, A .H. Al-Ali"]
[Black "Abdisalimov, Abdimalik"]
[Result "0-1"]
[WhiteElo "2313"]
[BlackElo "2184"]
[PlyCount "82"]
[EventDate "2018.??.??"]
[EventType "blitz"]
[WhiteClock "0:00:05"]
[BlackClock "0:00:07"]

1. e4 c5 2. Nf3 d6 3. Bc4 Nf6 4. d3 Nc6 5. c3 a6 6. Bb3 Bg4 7. Nbd2 e6 8. h3
Bh5 9. Qe2 Be7 10. g4 Bg6 11. Nf1 d5 12. e5 Nd7 13. Ng3 Qc7 14. Bf4 O-O-O 15.
O-O h5 16. d4 hxg4 17. hxg4 Be4 18. Nxe4 dxe4 19. Qxe4 Nb6 20. Bg3 Kb8 21. Kg2
Na5 22. dxc5 Bxc5 23. Bc2 Nac4 24. b3 Na3 25. Bd3 Nd5 26. Rac1 Be7 27. c4 Nb4
28. Be2 Nxa2 29. Rcd1 Rxd1 30. Bxd1 Rd8 31. Qf4 Nc3 32. Qc1 Bb4 33. Ng5 Qc6+
34. Bf3 Qc7 35. Qf4 Rd7 36. Rh1 Ka7 37. Rh7 Bf8 38. Rh8 Bc5 39. Rh7 Nc2 40.
Rxg7 Ne1+ 41. Kf1 Nd3 0-1

[Event "Blitz Open"]
[Site "?"]
[Date "2018.08.03"]
[Round "4.14"]
[White "Yakubboev, Nodirbek"]
[Black "Taleb, Salem Hatam"]
[Result "1-0"]
[BlackElo "2112"]
[WhiteElo "2353"]
[LiveChessVersion "1.4.8"]

1. g3 {[%clk 0:03:02]} g6 2. Bg2 {[%clk 0:03:03]} Bg7 {[%clk 0:03:03]} 3. d4
{[%clk 0:03:04]} Nf6 {[%clk 0:02:59]} 4. c4 {[%clk 0:03:05]} c5 {[%clk 0:02:55]}
5. dxc5 {[%clk 0:02:56]} Qa5+ {[%clk 0:02:55]} 6. Nc3 {[%clk 0:02:56]} Qxc5
{[%clk 0:02:56]} 7. Qa4 {[%clk 0:02:56]} Ng4 {[%clk 0:02:45]} 8. Nh3
{[%clk 0:02:57]} O-O {[%clk 0:02:40]} 9. O-O {[%clk 0:02:28]} Nc6
{[%clk 0:02:41]} 10. Ne4 {[%clk 0:02:18]} Qf5 {[%clk 0:02:16]} 11. Nf4
{[%clk 0:02:10]} d6 {[%clk 0:01:37]} 12. Nd5 {[%clk 0:02:06]} Bd7
{[%clk 0:01:33]} 13. h3 {[%clk 0:01:41]} Nge5 {[%clk 0:01:10]} 14. f4
{[%clk 0:01:30]} Nxc4 {[%clk 0:00:13]} 15. Qxc4 {[%clk 0:01:26]} Be6
{[%clk 0:00:08]} 16. Qxc6 {[%clk 0:01:10]} Qxe4 {[%clk 0:00:05]} 17. Nxe7+
{[%clk 0:01:08]} Kh8 {[%clk 0:00:05]} 18. Qxe4 {[%clk 0:01:09]} Rfe8
{[%clk 0:00:05]} 19. f5 {[%clk 0:01:00]} Bxf5 {[%clk 0:00:03]} 20. Rxf5
{[%clk 0:01:00]} Kg8 1-0

[Event "Blitz Open"]
[Site "?"]
[Date "2018.08.03"]
[Round "4.15"]
[White "Al-Ali, Hussein Ali Hussein"]
[Black "Iuldachev, Saidali"]
[Result "0-1"]
[BlackElo "2509"]
[WhiteElo "2228"]
[LiveChessVersion "1.4.8"]

1. Nf3 {[%clk 0:03:02]} Nf6 {[%clk 0:03:03]} 2. g3 {[%clk 0:03:03]} d5
{[%clk 0:03:04]} 3. Bg2 {[%clk 0:03:04]} c6 {[%clk 0:03:06]} 4. O-O
{[%clk 0:03:03]} Bf5 {[%clk 0:03:07]} 5. d3 {[%clk 0:03:04]} e6 {[%clk 0:03:08]}
6. Nbd2 {[%clk 0:03:04]} Be7 {[%clk 0:03:08]} 7. c4 {[%clk 0:03:05]} O-O
{[%clk 0:03:06]} 8. b3 {[%clk 0:03:07]} a5 {[%clk 0:03:03]} 9. Bb2
{[%clk 0:03:07]} h6 {[%clk 0:03:00]} 10. cxd5 {[%clk 0:03:07]} exd5
{[%clk 0:02:59]} 11. Nd4 {[%clk 0:03:09]} Bh7 {[%clk 0:02:39]} 12. N2f3 Re8
{[%clk 0:02:32]} 13. Nh4 {[%clk 0:03:07]} Qd7 {[%clk 0:02:23]} 14. Bc3
{[%clk 0:02:48]} a4 {[%clk 0:02:23]} 15. Qd2 {[%clk 0:02:48]} Bc5 16. Rac1 Bb6
{[%clk 0:01:58]} 17. Nhf3 {[%clk 0:02:29]} Qe7 {[%clk 0:01:45]} 18. Rfe1
{[%clk 0:02:26]} Na6 {[%clk 0:01:46]} 19. Bh3 {[%clk 0:02:16]} Rad8
{[%clk 0:01:43]} 20. Nf5 {[%clk 0:02:16]} Bxf5 {[%clk 0:01:43]} 21. Bxf5
{[%clk 0:02:17]} d4 {[%clk 0:01:44]} 22. Bb4 {[%clk 0:02:17]} 0-1

[Event "Blitz Open"]
[Site "?"]
[Date "2018.08.03"]
[Round "4.16"]
[White "Khoroshev, Nikita"]
[Black "Mohammed, Zozek Salah Mohammed"]
[Result "1-0"]
[BlackElo "2227"]
[WhiteElo "2351"]
[LiveChessVersion "1.4.8"]

1. d4 Nf6 {[%clk 0:02:58]} 2. Bf4 {[%clk 0:03:03]} c5 {[%clk 0:02:58]} 3. e3
{[%clk 0:03:05]} d5 {[%clk 0:02:57]} 4. c3 {[%clk 0:03:00]} Nc6 {[%clk 0:02:57]}
5. Nd2 {[%clk 0:03:01]} e6 {[%clk 0:02:56]} 6. Ngf3 {[%clk 0:03:02]} Bd6 7. Bg3
O-O {[%clk 0:02:44]} 8. Bd3 {[%clk 0:03:05]} Re8 {[%clk 0:02:36]} 9. Ne5
{[%clk 0:03:06]} Qc7 {[%clk 0:02:13]} 10. f4 {[%clk 0:03:07]} c4 {[%clk 0:01:32]}
11. Bc2 {[%clk 0:03:07]} b5 {[%clk 0:01:25]} 12. Bh4 {[%clk 0:03:04]} Be7
{[%clk 0:01:18]} 13. Qf3 {[%clk 0:02:59]} Bb7 {[%clk 0:01:14]} 14. Qh3
{[%clk 0:02:42]} Nxe5 {[%clk 0:00:56]} 15. fxe5 {[%clk 0:02:29]} Ne4
{[%clk 0:00:56]} 16. Nxe4 {[%clk 0:02:21]} dxe4 {[%clk 0:00:57]} 17. O-O
{[%clk 0:02:21]} Rf8 {[%clk 0:00:46]} 18. Rf2 {[%clk 0:02:13]} f5
{[%clk 0:00:19]} 19. exf6 {[%clk 0:02:11]} Bxf6 {[%clk 0:00:20]} 20. Qxe6+
{[%clk 0:02:05]} Qf7 {[%clk 0:00:15]} 21. Qxf7+ {[%clk 0:02:00]} Rxf7
{[%clk 0:00:16]} 22. Bxf6 {[%clk 0:01:59]} Rxf6 {[%clk 0:00:14]} 23. Rxf6
{[%clk 0:01:59]} gxf6 {[%clk 0:00:16]} 24. Rf1 {[%clk 0:02:00]} Kg7
{[%clk 0:00:16]} 25. Rf5 {[%clk 0:01:56]} a6 {[%clk 0:00:17]} 26. Kf2
{[%clk 0:01:53]} Re8 {[%clk 0:00:16]} 27. Rc5 {[%clk 0:01:48]} Re7
{[%clk 0:00:17]} 28. Bd1 {[%clk 0:01:49]} Kg6 {[%clk 0:00:08]} 29. g4
{[%clk 0:01:48]} Rg7 {[%clk 0:00:05]} 30. h4 {[%clk 0:01:47]} Kh6
{[%clk 0:00:04]} 31. Be2 {[%clk 0:01:42]} Kg6 {[%clk 0:00:05]} 32. Kg3
{[%clk 0:01:42]} Re7 {[%clk 0:00:04]} 33. Kf4 {[%clk 0:01:43]} Re8
{[%clk 0:00:03]} 34. Rc7 {[%clk 0:01:29]} Bc8 {[%clk 0:00:03]} 35. Rc6
{[%clk 0:01:23]} a5 {[%clk 0:00:04]} 36. g5 {[%clk 0:01:22]} Rf8 {[%clk 0:00:06]}
37. Rxf6+ {[%clk 0:01:16]} Rxf6+ 38. gxf6 {[%clk 0:01:17]} Bb7 {[%clk 0:00:06]}
39. a4 {[%clk 0:01:14]} bxa4 {[%clk 0:00:06]} 40. Bxc4 Kxf6 {[%clk 0:00:08]} 41.
Bb5 {[%clk 0:01:15]} 1-0

[Event "Blitz Open"]
[Site "?"]
[Date "2018.08.03"]
[Round "5.1"]
[White "Maghsoodloo, Parham"]
[Black "Nguyen, Ngoc Truong Son"]
[Result "1/2-1/2"]
[BlackElo "2630"]
[WhiteElo "2650"]
[LiveChessVersion "1.4.8"]

1. e4 {[%clk 0:03:03]} c5 {[%clk 0:03:03]} 2. Nc3 {[%clk 0:03:04]} d6
{[%clk 0:03:04]} 3. d4 {[%clk 0:03:05]} cxd4 {[%clk 0:03:04]} 4. Qxd4
{[%clk 0:03:06]} Nc6 {[%clk 0:02:53]} 5. Qd2 {[%clk 0:03:07]} g6 {[%clk 0:02:45]}
6. b3 {[%clk 0:03:08]} Bg7 {[%clk 0:02:46]} 7. Bb2 {[%clk 0:03:09]} Nf6
{[%clk 0:02:40]} 8. O-O-O {[%clk 0:03:06]} Nd7 {[%clk 0:02:09]} 9. h4
{[%clk 0:03:03]} h5 {[%clk 0:02:06]} 10. Kb1 {[%clk 0:03:02]} Nc5
{[%clk 0:02:05]} 11. f3 {[%clk 0:02:50]} a5 {[%clk 0:01:54]} 12. Bb5
{[%clk 0:02:48]} Bd7 {[%clk 0:01:54]} 13. Nge2 {[%clk 0:02:49]} Nb4
{[%clk 0:01:28]} 14. a3 {[%clk 0:02:46]} Nc6 {[%clk 0:01:11]} 15. Nd5
{[%clk 0:02:46]} Bxb2 16. Kxb2 {[%clk 0:02:47]} a4 {[%clk 0:00:59]} 17. Qc3
{[%clk 0:02:38]} O-O {[%clk 0:00:40]} 18. b4 {[%clk 0:02:38]} Ne5
{[%clk 0:00:38]} 19. Bxd7 {[%clk 0:02:31]} Ncxd7 {[%clk 0:00:39]} 20. f4
{[%clk 0:02:29]} Ng4 {[%clk 0:00:37]} 21. f5 {[%clk 0:02:26]} Nde5
{[%clk 0:00:36]} 22. Nef4 {[%clk 0:02:24]} Nf2 {[%clk 0:00:29]} 23. fxg6
{[%clk 0:02:25]} fxg6 {[%clk 0:00:30]} 24. Nxg6 {[%clk 0:01:53]} Nxd1+
{[%clk 0:00:28]} 25. Rxd1 {[%clk 0:01:52]} Nxg6 {[%clk 0:00:29]} 26. Qg3
{[%clk 0:01:52]} Qe8 {[%clk 0:00:21]} 27. Nc7 {[%clk 0:01:52]} Qf7
{[%clk 0:00:22]} 28. Nxa8 {[%clk 0:01:52]} Rxa8 {[%clk 0:00:23]} 29. Rd5
{[%clk 0:01:53]} Qf6+ {[%clk 0:00:10]} 30. c3 {[%clk 0:01:50]} Rf8
{[%clk 0:00:09]} 31. Rf5 {[%clk 0:01:51]} Qe6 {[%clk 0:00:09]} 32. Rg5
{[%clk 0:00:51]} Kg7 {[%clk 0:00:09]} 33. Kc1 {[%clk 0:00:49]} Qxe4
{[%clk 0:00:07]} 34. Kd2 {[%clk 0:00:43]} Rf6 {[%clk 0:00:06]} 35. Rxh5
{[%clk 0:00:38]} Re6 {[%clk 0:00:05]} 36. Qf2 {[%clk 0:00:32]} Qb1
{[%clk 0:00:04]} 37. Rh7+ Kxh7 {[%clk 0:00:04]} 38. Qf7+ {[%clk 0:00:32]} Kh6 39.
Qxe6 {[%clk 0:00:34]} Qb2+ {[%clk 0:00:04]} 40. Kd3 {[%clk 0:00:34]} Qxg2
{[%clk 0:00:04]} 41. b5 {[%clk 0:00:19]} Qf1+ {[%clk 0:00:05]} 42. Kc2
{[%clk 0:00:19]} Qxb5 {[%clk 0:00:05]} 43. Qe3+ {[%clk 0:00:19]} Kg7
{[%clk 0:00:05]} 44. Qd4+ {[%clk 0:00:19]} Kf7 {[%clk 0:00:06]} 45. h5
{[%clk 0:00:19]} Qxh5 {[%clk 0:00:06]} 46. Qxa4 {[%clk 0:00:20]} Qe2+
{[%clk 0:00:06]} 47. Kc1 {[%clk 0:00:21]} Qe3+ {[%clk 0:00:06]} 48. Kb2
{[%clk 0:00:20]} Qb6+ {[%clk 0:00:06]} 49. Kc2 {[%clk 0:00:21]} Ne5
{[%clk 0:00:07]} 50. Qf4+ {[%clk 0:00:20]} Ke6 {[%clk 0:00:07]} 51. Qg3
{[%clk 0:00:18]} Qc6 {[%clk 0:00:07]} 52. Qh3+ {[%clk 0:00:17]} Kf7
{[%clk 0:00:07]} 53. Qh5+ {[%clk 0:00:16]} Ke6 {[%clk 0:00:07]} 54. Qh3+
{[%clk 0:00:17]} Kd5 {[%clk 0:00:05]} 55. Qh4 {[%clk 0:00:17]} Qc4
{[%clk 0:00:05]} 56. Qxe7 {[%clk 0:00:18]} Qa4+ {[%clk 0:00:06]} 57. Kd2
{[%clk 0:00:13]} Nc4+ {[%clk 0:00:06]} 58. Ke1 {[%clk 0:00:14]} Qxa3
{[%clk 0:00:06]} 59. Qxb7+ {[%clk 0:00:15]} Kc5 {[%clk 0:00:04]} 60. Qc7+
{[%clk 0:00:12]} Kb5 {[%clk 0:00:05]} 61. Qd7+ {[%clk 0:00:12]} Kb6
{[%clk 0:00:05]} 62. Qd8+ {[%clk 0:00:12]} Kc6 {[%clk 0:00:06]} 63. Qc8+
{[%clk 0:00:13]} Kb5 {[%clk 0:00:06]} 64. Qd7+ {[%clk 0:00:13]} Kc5
{[%clk 0:00:06]} 65. Qc7+ {[%clk 0:00:10]} Kd5 {[%clk 0:00:07]} 66. Qf7+
{[%clk 0:00:11]} Kc5 {[%clk 0:00:08]} 67. Qc7+ {[%clk 0:00:12]} Kb5
{[%clk 0:00:10]} 68. Qd7+ {[%clk 0:00:12]} Ka5 {[%clk 0:00:07]} 69. Qc7+
{[%clk 0:00:06]} Kb5 {[%clk 0:00:05]} 1/2-1/2

[Event "Blitz Open"]
[Site "?"]
[Date "2018.08.03"]
[Round "5.2"]
[White "Tran, Tuan Minh"]
[Black "Firouzja, Alireza"]
[Result "0-1"]
[BlackElo "2629"]
[WhiteElo "2484"]
[LiveChessVersion "1.4.8"]

1. d4 {[%clk 0:03:03]} g6 {[%clk 0:03:04]} 2. e4 {[%clk 0:03:04]} Bg7
{[%clk 0:03:05]} 3. Nc3 {[%clk 0:03:06]} d6 {[%clk 0:03:06]} 4. Nf3
{[%clk 0:02:58]} Nf6 {[%clk 0:03:06]} 5. Be2 {[%clk 0:02:55]} O-O
{[%clk 0:03:07]} 6. O-O {[%clk 0:02:56]} a6 {[%clk 0:03:07]} 7. a4
{[%clk 0:02:58]} e6 {[%clk 0:03:08]} 8. h3 Nc6 {[%clk 0:03:07]} 9. Bg5
{[%clk 0:02:58]} h6 {[%clk 0:03:06]} 10. Be3 {[%clk 0:02:59]} b6 {[%clk 0:03:07]}
11. Qd2 {[%clk 0:03:00]} Kh7 {[%clk 0:03:08]} 12. Rfe1 {[%clk 0:02:50]} Bb7
{[%clk 0:03:09]} 13. Rad1 {[%clk 0:02:47]} Nb4 {[%clk 0:03:06]} 14. Bd3
{[%clk 0:02:25]} Qe7 {[%clk 0:02:52]} 15. Bf4 {[%clk 0:02:23]} Nxd3 16. cxd3
{[%clk 0:02:24]} Nh5 {[%clk 0:02:43]} 17. Bh2 {[%clk 0:02:09]} f5
{[%clk 0:02:44]} 18. d5 {[%clk 0:02:05]} e5 {[%clk 0:02:38]} 19. d4
{[%clk 0:02:01]} f4 {[%clk 0:02:39]} 20. dxe5 {[%clk 0:01:53]} dxe5
{[%clk 0:02:17]} 21. Kh1 {[%clk 0:01:53]} Rad8 {[%clk 0:02:16]} 22. Bg1
{[%clk 0:01:55]} g5 {[%clk 0:02:15]} 23. Nh2 {[%clk 0:01:55]} Bc8
{[%clk 0:02:15]} 24. Qe2 {[%clk 0:01:48]} Nf6 {[%clk 0:02:12]} 25. a5
{[%clk 0:01:20]} b5 {[%clk 0:02:12]} 26. Rc1 {[%clk 0:01:18]} h5 {[%clk 0:02:08]}
27. f3 {[%clk 0:01:19]} Rh8 {[%clk 0:01:44]} 28. Nd1 {[%clk 0:01:20]} g4
{[%clk 0:01:36]} 29. fxg4 {[%clk 0:00:45]} hxg4 {[%clk 0:01:37]} 30. hxg4
{[%clk 0:00:47]} Kg6 {[%clk 0:00:56]} 31. Nf2 {[%clk 0:00:45]} Rh4
{[%clk 0:00:56]} 32. Rc6 {[%clk 0:00:28]} Kh7 {[%clk 0:00:23]} 33. Rec1
{[%clk 0:00:29]} Ne8 {[%clk 0:00:10]} 34. Nh3 {[%clk 0:00:18]} Bb7
{[%clk 0:00:11]} 35. Re6 {[%clk 0:00:18]} Qf8 {[%clk 0:00:08]} 36. g5
{[%clk 0:00:12]} Kg8 {[%clk 0:00:06]} 37. Bc5 Qf7 {[%clk 0:00:05]} 38. g6
{[%clk 0:00:10]} Qd7 {[%clk 0:00:06]} 39. Nf3 {[%clk 0:00:07]} Rh6
{[%clk 0:00:07]} 40. Nfg5 {[%clk 0:00:09]} Nf6 {[%clk 0:00:04]} 41. Be7
{[%clk 0:00:07]} Nxd5 {[%clk 0:00:03]} 42. Bxd8 Qxd8 {[%clk 0:00:03]} 43. exd5
{[%clk 0:00:06]} Qxg5 {[%clk 0:00:05]} 44. Re8+ {[%clk 0:00:05]} Bf8
{[%clk 0:00:06]} 45. Qxe5 {[%clk 0:00:06]} Rxh3+ {[%clk 0:00:06]} 46. Kg1
{[%clk 0:00:03]} Qxe5 47. Rxe5 {[%clk 0:00:05]} Re3 {[%clk 0:00:08]} 48. Rxe3
{[%clk 0:00:05]} fxe3 {[%clk 0:00:09]} 49. Rxc7 Bxd5 {[%clk 0:00:10]} 50. Kf1
{[%clk 0:00:04]} Bc4+ {[%clk 0:00:11]} 51. Rxc4 {[%clk 0:00:04]} bxc4
{[%clk 0:00:12]} 52. Ke2 {[%clk 0:00:05]} Bc5 {[%clk 0:00:13]} 53. Kf3
{[%clk 0:00:04]} Kg7 {[%clk 0:00:14]} 0-1

[Event "Blitz Open"]
[Site "?"]
[Date "2018.08.03"]
[Round "5.3"]
[White "Tabatabaei, M.Amin"]
[Black "Nguyen, Duc Hoa"]
[Result "1-0"]
[BlackElo "2424"]
[WhiteElo "2587"]
[LiveChessVersion "1.4.8"]

1. d4 d5 2. Nf3 Nf6 3. Bf4 e6 4. e3 Bd6 5. Bg3 b6 6. Nbd2 Bb7 7. Bd3 O-O 8. Ne5
c5 9. c3 Nc6 10. f4 Ne7 11. Qb1 g6 12. Bh4 Nf5 13. Bxf5 exf5 14. h3 Be7 15. g4
fxg4 16. hxg4 Nd7 17. Bxe7 Qxe7 18. Qd3 f6 19. Nef3 cxd4 20. cxd4 a5 21. Kf2 Ba6
22. Qb3 Qf7 23. g5 Rac8 24. Rh4 Bc4 25. Qa3 Qe8 26. Rah1 Rf7 27. gxf6 Nxf6 28.
Ne5 Rg7 29. Qd6 Nd7 30. Ndf3 Bxa2 31. Ng5 Nf8 32. Ng4 Qe7 33. Nf6+ Kh8 34. Ngxh7
Rc2+ 35. Kf3 Qxd6 {[%clk 7:00:05]} 36. Ng5+ {[%clk 7:41:30]} 1-0

[Event "Blitz Open"]
[Site "?"]
[Date "2018.08.03"]
[Round "5.4"]
[White "Dao, Thien Hai"]
[Black "Idani, Pouya"]
[Result "1/2-1/2"]
[BlackElo "2559"]
[WhiteElo "2505"]
[LiveChessVersion "1.4.8"]

1. d4 {[%clk 0:03:03]} d5 {[%clk 0:03:04]} 2. c4 e6 3. Nc3 a6 4. Nf3
{[%clk 0:03:04]} Nf6 {[%clk 0:03:08]} 5. Bg5 {[%clk 0:03:01]} dxc4
{[%clk 0:03:10]} 6. a4 {[%clk 0:02:56]} Be7 {[%clk 0:03:06]} 7. e4
{[%clk 0:02:51]} h6 {[%clk 0:03:03]} 8. Bxf6 {[%clk 0:02:46]} Bxf6
{[%clk 0:03:04]} 9. Bxc4 {[%clk 0:02:46]} Nc6 {[%clk 0:02:52]} 10. e5
{[%clk 0:02:43]} Be7 {[%clk 0:02:53]} 11. O-O {[%clk 0:02:44]} Nb4
{[%clk 0:02:48]} 12. Qb3 {[%clk 0:02:24]} c6 {[%clk 0:02:37]} 13. Ne4
{[%clk 0:02:21]} a5 {[%clk 0:02:38]} 14. Rad1 {[%clk 0:02:19]} b6
{[%clk 0:02:39]} 15. Rfe1 {[%clk 0:02:18]} O-O {[%clk 0:02:33]} 16. h3
{[%clk 0:02:15]} Bb7 {[%clk 0:02:24]} 17. Nh2 {[%clk 0:02:16]} Kh8
{[%clk 0:02:02]} 18. Ng4 {[%clk 0:02:16]} Ba6 {[%clk 0:01:59]} 19. Bxa6
{[%clk 0:02:03]} Rxa6 {[%clk 0:02:00]} 20. Qc3 {[%clk 0:01:55]} Ra7
{[%clk 0:01:51]} 21. Ne3 {[%clk 0:01:52]} Rd7 {[%clk 0:01:49]} 22. Nc4
{[%clk 0:01:52]} Rd5 {[%clk 0:01:29]} 23. Ne3 {[%clk 0:01:47]} Rd7
{[%clk 0:01:30]} 24. Nc4 Rd5 25. Ne3 {[%clk 0:01:38]} Rd7 {[%clk 0:01:34]} 26.
Nc4 {[%clk 0:01:38]} Rd5 {[%clk 0:01:35]} 27. Ne3 {[%clk 0:01:39]} Rd7
{[%clk 0:01:37]} 1/2-1/2